000 00787nam a22002417a 4500
003 DO-SdBNP
005 20220719120528.0
007 ta
008 110301s2010 dr 000 0 spa d
040 _aDO-SdBNP
_bspa
_cBNPHU
082 4 _axxxx
_bO64s
100 1 _aOrbe, Vladimir Del
_953018
245 1 3 _aLa sociedad caostòpica :
_bsociedad, comunicación y cultura /
_cVladimir Del Örbe ; prólogo V. A. Garcìa Pantaleón
260 _aSanto Domingo :
_bSeña,
_c2010.
300 _a184 p. :
_c21 cm.
490 1 _aTeoría y crítica ;
500 _aIncluye notas y bibliografías a pie de paginas.
590 _aInventariado, 2022/ YL
700 1 2 _aGarcìa Pantaleón, V. A.
_eprol.
_977877
830 0 _pTeoría y crítica
_931033
910 _aYLockward
942 _2ddc
_cLBS1
999 _c52195
_d52195